banner koha

Changes in composition and quality of requeijao do Norte on storage [Composicao de alimento; Requeijao; Valor nutritivo; Armazenamento de alimento; Brasil] (Registro n. 106849)

MARC details
000 -LÍDER
campo de controle de tamanho fixo 00949nas a2200289 4500
001 - NÚMERO DE CONTROLE
campo de controle BR8102683
003 - IDENTIFICADOR DO NÚMERO DE CONTROLE
campo de controle BR-BrBNA
005 - DATA E HORÁRIO DA ÚLTIMA TRANSAÇÃO
campo de controle 20231205084722.0
007 - CAMPO FIXO DE DESCRIÇÃO FÍSICA--INFORMAÇÃO GERAL
campo de controle de tamanho fixo ta
008 - CAMPO DE DADOS FIXOS--INFORMAÇÃO GERAL
campo de controle de tamanho fixo 230509b bl.|||p| |||| 00| 00por d
040 ## - FONTE DA CATALOGAÇÃO
Instituição da catalogação original BR-BrBNA
Idioma da catalogação por
Instituição que transcreveu o registro Biblioteca Nacional de Agricultura
041 ## - CÓDIGO DE IDIOMA
Código do idioma do texto/trilha sonora ou título diferente (En)
072 ## - CÓDIGO DE CATEGORIA DE ASSUNTO
Código de Categoria de Assunto S10; Q10
100 1# - ENTRADA PRINCIPAL--NOME PESSOAL
Nome pessoal Escudero, C.J.
100 1# - ENTRADA PRINCIPAL--NOME PESSOAL
Nome pessoal Amaya, D.R.
100 1# - ENTRADA PRINCIPAL--NOME PESSOAL
Nome pessoal Morais, M.A.C.
245 1# - TÍTULO
Título Changes in composition and quality of requeijao do Norte on storage [Composicao de alimento; Requeijao; Valor nutritivo; Armazenamento de alimento; Brasil]
650 ## - ASSUNTO--TERMO TÓPICO
Cabeçalho tópico ou nome geográfico Composicao de alimento
650 ## - ASSUNTO--TERMO TÓPICO
Cabeçalho tópico ou nome geográfico Tecnologia de alimento
650 ## - ASSUNTO--TERMO TÓPICO
Cabeçalho tópico ou nome geográfico Requeijao
650 ## - ASSUNTO--TERMO TÓPICO
Cabeçalho tópico ou nome geográfico Valor nutritivo
650 ## - ASSUNTO--TERMO TÓPICO
Cabeçalho tópico ou nome geográfico Armazenamento de alimento
650 ## - ASSUNTO--TERMO TÓPICO
Cabeçalho tópico ou nome geográfico Norte
773 0# - ENTRADA ANALÍTICA
Título Ciencia e Cultura (Brazil)
ISSN - International Standard Serial Number ISSN 0009-6725
Partes relacionadas (Aug 1981), v. 33(8) p. 1091-1096
Número de controle do registro BR8102683
909 ## -
-- 202311
-- Lúcia
-- 55
-- Lúcia Elande
942 ## - ELEMENTOS DE ENTRADA ADICIONADOS (KOHA)
Fonte da classificação ou esquema de arquivamento na estante Classificação AGRIS
Ocultar no OPAC Não
Tipo de material Koha Analítica
Exemplares
Situação do descarte Fonte da classificação ou esquema de arquivamento na estante Situação física Não pode ser emprestado Biblioteca de origem Biblioteca atual Localização na estante Enumeração do periódico / cronologia Total de empréstimos Data de último acesso Número do exemplar Tipo de material Koha Fonte de aquisição
  Classificação AGRIS   Consulta local Biblioteca Nacional de Agricultura - Binagri Biblioteca Nacional de Agricultura - Binagri   (Aug 1981), v. 33(8) p. 1091-1096   29/11/2023 01 Periódicos Portaria Interministerial nº 164/94

BINAGRI

Telefone: (61)3218-2567/2388/3357/2097 - binagri@agro.gov.br

Ministério da Agricultura e Pecuária , Esplanada dos Ministérios, Bloco D, Anexo B, Brasília/DF, CEP: 70.043-900